000 00633nam a2200181 a 4500
001 000036873
005 20200930080005.0
008 120203s1974 sp 000 0 spa d
040 _aDO-SdBNP
_bspa
_cBNPHU
082 _axxx
_bF917g
100 1 _aFrisque, Jean
_963242
245 1 0 _aGuía breve de la asamblea cristiana /
_cJean Frisque ; traducción José Alvilares Moure.
246 1 0 _aPetit guide de l´assemblée chrétienne.
_lespañol
260 _aMadrid, España :
_bEdiciones Marova,
_c1974.
300 _a579 p. ;
_c16 cm.
500 _aComentarios al leccionario de la misa
700 1 _aAlvilares Moure, José,
_etr.
_963243
999 _c36364
_d36364